000 01302nam a2200349 c 4500
003 BLK
005 20180420234235.0
008 180410b bul|||||r ||||||| ||bul||
010 _aKNG00162437000
040 _aBLK
041 _aBUL
_cBUL
072 7 _2bullib
_aН84
_xБългарска художествена литература Н
080 _aБългарска литература
_b821.163.2
_x-4
_z821.163.2-4
080 _aОбща метафизика. Онтология
_b111
_x
_z111
100 1 _aСимеонов, Иван Василев
_eпърви автор
_9245778
139 _aСимеонов, Иван Василев
_bС 37
245 1 0 _aМистерията на битието
_bМистични есета : Кн. 1 -
_cИван Василев Симеонов.
_nКн. 3
257 _aBGR
260 София
_bКолбис
_c2014
300 _c21 см
380 _aX
650 4 _aОнтология
_9164994
653 _aбитие
653 _aесета
659 _aН
760 1 _aСимеонов, Иван Василев
_d2014
_h213 с.
_tКн. 3
852 _aЦб 269477
856 4 _qpdf
_u
856 4 _qpdf
_u
942 _cKNG
_n0
944 _aCR
_c20.06.2014
_lф /
_kВиолета_Тройчева
944 _aED
_c13.09.2017
_lф /
_kВиолета_Тройчева
999 _c155710
_d155710